| 000 | 00561nam a2200205Ia 4500 | ||
|---|---|---|---|
| 005 | 20250508150614.0 | ||
| 008 | 008 250505s9999 xx 000 0 eng d | ||
| 037 | _aTextual | ||
| 040 |
_aFEDL _beng _cFEDL |
||
| 041 |
_aeng _2eng |
||
| 084 |
_a150.1, TAN _qFEDL |
||
| 100 |
_aTansley A G _987346 |
||
| 245 | 0 | _aNew psychology and its relation to life | |
| 260 |
_aLondon, UK _bGeorge Allen and Unwin Ltd. _c1929 |
||
| 300 | _a316p. | ||
| 365 |
_aINR _b8 |
||
| 650 | _aPsychology | ||
| 942 |
_cTEXL _h150.1, TAN |
||
| 999 |
_c1324541 _d1324541 |
||